Представление документа в формате RUSMARC

ПолеНазваниеЗначение
  Тип записи a
  Библиографический уровень m
001 Контрольный номер SKBR/a91bfdb7-e35d-421a-a439-8ae27e57ba9d
005 Дата корректировки 20241122161317.6
010 Индекс ISBN __
b Уточнения В пер.
9 Тираж 25000 экз.
d Цена 100-00
035 Другие системные номера __
a Идентификатор записи RU/Архангельская ОНБ/DOLIB/9/А 465-868358
100 Данные общей обработки __
a Данные общей обработки 20121205d1983 m y0rusy028902 ca
101 Язык документа 0_
a Язык текста rus
102 Страна публикации __
a Страна публикации RU
105 Кодированные данные (монография) __
a Кодированные данные (монография) a z 000yy
181 Поле кодированных данных: вид содержания _0
a Код вида содержания (ISBD) i
182 Поле кодированных данных: тип средства _0
a Код типа средства (ISBD) n
200 Заглавие и сведения об ответственности 1_
a Заглавие Красная площадь
e Сведения, относящиеся к заглавию люди. События. Памятники
f Первые сведения об ответственности Ю. Александров
d Параллельное заглавие The Red Square
d Параллельное заглавие Place Rouge
d Параллельное заглавие Der Rote Platz
z Язык параллельного заглавия eng
z Язык параллельного заглавия fre
z Язык параллельного заглавия ger
203 Вид содержания и тип средства __
a Вид содержания Текст
c Тип средства непосредственный
210 Выходные данные 1_
a Место издания Москва
c Издательство Московский рабочий
d Дата издания 1983
215 Физическое описание __
a Объем 384 с.
c Иллюстрации/тип воспроизводства фот., цв. фот.
d Формат 11,5х8 см
300 Общие примечания __
a Общие примечания Параллельный титульный лист на английском, французском и немецком языках
300 Общие примечания __
a Общие примечания Малоформатное издание
320 Библиография __
a Библиография Библиография: с. [382]
330 Аннотация __
a Аннотация Книга рассказывает о главной площади страны, ее уникальном архитектурном ансамбле, ратных и революционных подвигах народа, вошедших в ее летопись. Читатель узнает об истории сооружения Мавзолея В. И. Ленина, о современной жизни одной из самых прославленных и красивейших площадей мира, о важнейших событиях в жизни Советской страны, которые отмечались на ней.
605 Заглавие как предмет __
2 Код системы nlr_sh
a Заглавие Красная площадь
605 Заглавие как предмет __
2 Код системы nlr_sh
a Заглавие Мавзолей В. И. Ленина
606 Тематические рубрики __
2 Код системы nlr_sh
a Основная рубрика История
606 Тематические рубрики __
2 Код системы nlr_sh
a Основная рубрика История России в целом
y Географическая подрубрика Москва
610 Ключевые слова 0_
a Ключевые слова памятники архитектуры
610 Ключевые слова 0_
a Ключевые слова история России
610 Ключевые слова 0_
a Ключевые слова история СССР
610 Ключевые слова 0_
a Ключевые слова крепости
610 Ключевые слова 0_
a Ключевые слова площади
610 Ключевые слова 0_
a Ключевые слова достопримечательности
686 Индексы других классификаций __
2 Код системы rubbks
a Классификационный индекс 63.3(2-2Москва)л6
700 Автор _1
a Фамилия Александров
b Имя Ю. Н.
4 Код отношения 070
f Даты 1921-2009
g Полное личное имя Юрий Николаевич
801 Источник записи _0
b Организация Архангельская ОНБ
a Страна RU
c Дата составления 1983
g Правила каталогизации PSBO
801 Источник записи _1
b Организация Архангельская ОНБ
a Страна RU
c Дата составления 20121205
g Правила каталогизации PSBO
852 Данные о местонахождении __
i Авторский знак А 46
j Шифр хранения 63.3(2-2Москва)л6
900 Макрообъекты __
a Макрообъекты Красная площадь. Александров, Ю., 1983
901 Тип документа __
a Ответственный КиК/Обаева
t Тип документа m
903 Характеристики (МАРС) __
a Дата передачи 20240503
c Наименование библиотеки (МАРС) Муниципальное бюджетное учреждение культуры "Централизованная библиотечная система" г. Сургут (Центральная городская библиотека им. А. С. Пушкина)
990 Данные о заказе (DOS) __
j Количество экземпляров (DOS) 1
t N записи в КСУ для И/У (DOS) 202407